Presidentes de Latinoamérica - Estadísticas

Estadísticas generales
  • Esta prueba ha sido intentada 71 veces
    19 desde el último reinicio
  • La puntuación promedio es 7 de 20
Estadísticas de respuestas
País Eje ideológico Presidente % Correcto
Argentina Derecha libertaria Javier Milei
100%
Brasil Izquierda Luiz Inácio Lula da Silva
76%
El Salvador Derecha populista Nayib Bukele
76%
México Izquierda Claudia Sheinbaum
71%
Chile Derecha radical José Antonio Kast
71%
Colombia Izquierda Gustavo Petro
65%
Venezuela Izquierda autoritaria Delcy Rodríguez
59%
Cuba Izquierda comunista Miguel Díaz-Canel
41%
Honduras Izquierda Xiomara Castro
41%
Nicaragua Izquierda autoritaria Daniel Ortega
35%
Ecuador Centroderecha Daniel Noboa
29%
Paraguay Derecho Santiago Peña
24%
Perú Centroizquierda Dina Boluarte
18%
Bolivia Izquierda Luis Arce
12%
Guatemala Centroizquierda Bernardo Arévalo
6%
Uruguay Centroizquierda Yamandú Orsi
6%
Haití Centroizquierda Alix Didier Fils-Aimé
0%
Pánama Centroderecha José Raúl Mulino
0%
República Dominicana Centroderecha Luis Abinader
0%
Costa Rica Centroderecha Rodrigo Chaves Robles
0%
No se encontraron pruebas coincidentes
Distribución de puntuación
Porcentaje de gente con cada puntuación
Porcentaje por número respondido
Historial de tus puntuaciones
No has intentado esta prueba desde el último reinicio